| 000 | 01495nam a22002657a 4500 | ||
|---|---|---|---|
| 005 | 20100727134855.0 | ||
| 010 | _aHIN-89845 | ||
| 020 |
_a9788189790721 _c200.00 |
||
| 035 | _aHN-62191 | ||
| 037 | _bDBAD / पैन्सी बुक्स | ||
| 082 | _a821 | ||
| 100 |
_aभटनागर, शचींद्र _923952 |
||
| 245 |
_aअखंडित अस्मिता / _cशचींद्र भटनागर |
||
| 246 |
_aAkhandit Asmita _bby Shachindra Bhatnagar |
||
| 260 |
_aबिजनौर (उ.प्र.) _bहिंदी साहित्य निकेतन _c2010 |
||
| 260 |
_aनई दिल्ली _bपैन्सी बुक्स (वितरक) |
||
| 270 |
_a16, साहित्य विहार _bबिजनौर (उ.प्र.) _k01342-263232 _l01342-262375 _mgiriraj@hindisahityaniketan.com |
||
| 270 |
_aआर.जैड. - 66 A, सोमेश विहार छावला _bनई दिल्ली _e110071 |
||
| 300 |
_a164पृ. _bसचित्र _c22सेमी (सजिल्द) |
||
| 650 |
_bहिन्दी कविता _9697 |
||
| 650 |
_bHindi Poetry _9698 |
||
| 942 |
_2ddc _cHN _h821 _mभटना |
||
| 999 |
_c37918 _d37918 |
||